European Union Members by Flags - Sudden Death - Statistics

General Stats
  • This quiz has been taken 2,680 times
  • The average score is 13 of 27
Answers on the Grid
Answers color-coded by a green-red scale on the quiz's grid according to % correct below.
 
Answer Stats
Answer % Correct
Belgium
76%
Germany
71%
France
70%
Greece
65%
Ireland
65%
Austria
64%
Finland
61%
Denmark
60%
Italy
59%
Czech Republic
59%
Croatia
57%
Estonia
55%
Bulgaria
46%
Hungary
45%
Spain
44%
Luxembourg
43%
Netherlands
42%
Cyprus
41%
Portugal
38%
Latvia
36%
Sweden
35%
Lithuania
32%
Poland
29%
Malta
27%
Slovakia
27%
Slovenia
27%
Romania
25%
No matching quizzes found
Score Distribution
Percent of People with Each Score
Percentile by Number Answered
Your Score History
You have not taken this quiz